[Event "GER-chT Federal Cup (Women)"]
[Site "Braunfels"]
[Date "2015.06.05"]
[Round "3.6"]
[White "Leinemann, Vivien Sophie"]
[Black "Horstmann, Astrid"]
[Result "0-1"]
[WhiteElo "1425"]
[BlackElo "1751"]
[PlyCount "104"]
[EventDate "2015.06.04"]
[EventType "team-swiss"]
[EventRounds "5"]
[EventCountry "GER"]
[SourceTitle "CBM 167 Extra"]
[Source "ChessBase"]
[SourceDate "2015.09.14"]
[SourceVersion "1"]
[SourceVersionDate "2015.09.14"]
[SourceQuality "1"]
[WhiteTeam "Hamburg (W)"]
[BlackTeam "Bayern (W)"]
[WhiteTeamCountry "GER"]
[BlackTeamCountry "GER"]

1. e4 c5 2. Nf3 e6 3. d4 cxd4 4. Nxd4 Nc6 5. Be3 Nf6 6. Bd3 e5 7. Nb5 a6 8. N5a3 d5 9. exd5 Nxd5 10. Be4 Nxe3 11. Bxc6+ bxc6 12. Qxd8+ Kxd8 13. fxe3 Bf5 14. Nc4 f6 15. c3 Kc7 16. Nbd2 Bd3 17. b3 a5 18. Nb2 Bb5 19. Ne4 Be7 20. c4 Ba6 21. Nd3 Bc8 22. Ke2 f5 23. Ng3 e4 24. Nf4 Bf6 25. Rad1 Be5 26. Rd2 g6 27. Rhd1 a4 28. Kf2 axb3 29. axb3 Ra3 30. Rb1 Bc3 31. Rc2 Bb4 32. Nfe2 Rd8 33. Nd4 Bd7 34. Nf1 c5 35. Ne2 Bc6 36. Nf4 Rd6 37. Rbb2 Kd8 38. Nd2 Ke7 39. Nb1 Ra1 40. Nc3 Bxc3 41. Rxc3 g5 42. Ne2 Rdd1 43. Rcc2 h5 44. g3 Rf1+ 45. Kg2 Rf3 46. Ra2 Rxa2 47. Rxa2 Rxe3 48. Nc1 Re1 49. Ra7+ Kd6 50. Ra1 e3+ 51. Kh3 Rg1 52. b4 Bg2# 0-1

[Event "Regionalliga NO 1314"]
[Site "Bayern"]
[Date "2014.04.06"]
[Round "9.7"]
[White "Horstmann, Astrid"]
[Black "Heinkelmann, Josef"]
[Result "1-0"]
[WhiteElo "1777"]
[BlackElo "1748"]
[PlyCount "79"]
[EventDate "2013.10.13"]
[EventType "team-tourn"]
[EventRounds "9"]
[EventCountry "GER"]
[SourceTitle "EXT 2015"]
[Source "ChessBase"]
[SourceDate "2014.11.20"]
[SourceVersion "1"]
[SourceVersionDate "2014.11.20"]
[SourceQuality "1"]
[WhiteTeam "Bechhofen"]
[BlackTeam "Forchheim II"]
[WhiteTeamCountry "GER"]
[BlackTeamCountry "GER"]

1. c4 c5 2. Nc3 Nc6 3. g3 g6 4. Bg2 Bg7 5. e3 e5 6. Nge2 Nge7 7. 0-0 0-0 8. d3 d6 9. a3 Be6 10. Nd5 Qd7 11. Rb1 Bh3 12. b4 Bxg2 13. Kxg2 b6 14. Qb3 h5 15. h3 Kh7 16. Bb2 f5 17. f4 Rae8 18. Ndc3 Ng8 19. Rfe1 Nf6 20. Rbd1 Rf7 21. b5 Na5 22. Qa2 Rfe7 23. Kf2 Qb7 24. Nd5 Nxd5 25. cxd5 exf4 26. Nxf4 Bxb2 27. Qxb2 c4 28. Qf6 Rg8 29. e4 fxe4 30. Rxe4 Rf7 31. Qg5 Rgg7 32. Kg1 Rf5 33. Qd8 cxd3 34. Re8 Kh6 35. Qxd6 Qd7 36. Rh8+ Kg5 37. Ne6+ Kf6 38. Rf8+ Rf7 39. Qxd7 Rxf8 40. Nxf8 1-0

[Event "Bayern-ch (Women)"]
[Site "Westerndorf St Peter"]
[Date "2013.08.30"]
[Round "8"]
[White "Gremer, Kathrin"]
[Black "Horstmann, Astrid"]
[Result "1-0"]
[WhiteElo "1781"]
[BlackElo "1949"]
[PlyCount "53"]
[EventDate "2013.08.25"]
[EventType "swiss"]
[EventRounds "9"]
[EventCountry "GER"]
[SourceTitle "EXT 2019"]
[Source "ChessBase"]
[SourceDate "2018.10.10"]
[SourceVersion "1"]
[SourceVersionDate "2018.10.10"]
[SourceQuality "1"]

1. e4 c5 2. Nc3 Nc6 3. f4 d6 4. Bb5 Bd7 5. Bxc6 Bxc6 6. Nf3 Nf6 7. e5 dxe5 8. fxe5 Ng4 9. e6 f6 10. h3 Nh6 11. 0-0 Nf5 12. d3 Nd4 13. Nxd4 Qxd4+ 14. Rf2 h5 15. Qe2 b6 16. a3 g5 17. Be3 Qh4 18. Kh2 g4 19. Rf4 Bh6 20. Raf1 Bxf4+ 21. Rxf4 Rg8 22. Ne4 f5 23. Rxf5 gxh3 24. Rxh5 Bxe4 25. Rxh4 Rxg2+ 26. Qxg2 Bxg2 27. Rh8# 1-0

[Event "Bayern-ch (Women)"]
[Site "Westerndorf St Peter"]
[Date "2013.08.27"]
[Round "4"]
[White "Nieberle, Cornelia"]
[Black "Horstmann, Astrid"]
[Result "0-1"]
[WhiteElo "1726"]
[BlackElo "1949"]
[PlyCount "50"]
[EventDate "2013.08.25"]
[EventType "swiss"]
[EventRounds "9"]
[EventCountry "GER"]
[SourceTitle "EXT 2019"]
[Source "ChessBase"]
[SourceDate "2018.10.10"]
[SourceVersion "1"]
[SourceVersionDate "2018.10.10"]
[SourceQuality "1"]

1. d4 d5 2. e3 Nf6 3. Bd3 e6 4. Nf3 c5 5. b3 Nc6 6. Bb2 Bd6 7. 0-0 0-0 8. Ne5 Qc7 9. f4 cxd4 10. exd4 Nb4 11. c4 Nxd3 12. Qxd3 dxc4 13. Qxc4 Qe7 14. Nd2 a6 15. Qd3 b5 16. Ne4 Nxe4 17. Qxe4 Bb7 18. Qe3 Rac8 19. Rac1 Ba8 20. Rxc8 Rxc8 21. Rc1 Rxc1+ 22. Qxc1 Qb7 23. Qc2 f6 24. Nd3 Qe4 25. Ne1 Qxe1# 0-1

[Event "Bayern-ch (Women)"]
[Site "Westerndorf St Peter"]
[Date "2013.08.26"]
[Round "3"]
[White "Horstmann, Astrid"]
[Black "Zwetz, Anita"]
[Result "0-1"]
[WhiteElo "1949"]
[BlackElo "1890"]
[PlyCount "72"]
[EventDate "2013.08.25"]
[EventType "swiss"]
[EventRounds "9"]
[EventCountry "GER"]
[SourceTitle "EXT 2019"]
[Source "ChessBase"]
[SourceDate "2018.10.10"]
[SourceVersion "1"]
[SourceVersionDate "2018.10.10"]
[SourceQuality "1"]

1. d4 d5 2. Nf3 Nf6 3. e3 c6 4. c4 e6 5. b3 Nbd7 6. Be2 Bb4+ 7. Bd2 Qe7 8. Bxb4 Qxb4+ 9. Qd2 Qe7 10. Qb2 Ne4 11. a3 0-0 12. 0-0 f5 13. Nc3 Rf6 14. Bd3 Rg6 15. Bxe4 fxe4 16. Ne1 Qg5 17. Qe2 e5 18. f3 exd4 19. exd4 Nf6 20. fxe4 Bh3 21. e5 Nh5 22. Qf3 Be6 23. cxd5 cxd5 24. Ra2 h6 25. Raf2 Rd8 26. Nd3 Bg4 27. Qf7+ Kh7 28. Qc7 Rd7 29. Qb8 Qe3 30. Nc5 Rf7 31. Nxd5 Qxd4 32. e6 Bxe6 33. Nxe6 Rxe6 34. Ne3 Qxe3 35. g3 Ref6 36. Qc8 Rxf2 0-1

[Event "Mittelfranken-chTB2a 1213"]
[Site "Germany"]
[Date "2013.04.21"]
[Round "9.5"]
[White "Horstmann, Astrid"]
[Black "Hofer, Stefan1111"]
[Result "1-0"]
[WhiteElo "1949"]
[BlackElo "1810"]
[PlyCount "81"]
[EventDate "2012.10.07"]
[EventType "team-tourn"]
[EventRounds "9"]
[EventCountry "GER"]
[SourceTitle "EXT 2019"]
[Source "ChessBase"]
[SourceDate "2018.10.10"]
[SourceVersion "1"]
[SourceVersionDate "2018.10.10"]
[SourceQuality "1"]
[WhiteTeam "Bechhofen II"]
[BlackTeam "Cadolzburg"]
[WhiteTeamCountry "GER"]
[BlackTeamCountry "GER"]

1. c4 Nf6 2. d4 e6 3. a3 b6 4. Nf3 Bb7 5. e3 Be7 6. Bd3 d6 7. b3 Nbd7 8. Bb2 0-0 9. Nbd2 d5 10. 0-0 c5 11. Re1 cxd4 12. exd4 Bd6 13. Ne5 Qe7 14. f4 Rae8 15. Re3 h5 16. h3 Rc8 17. g4 g5 18. Nxd7 Nxd7 19. f5 Bf4 20. Re1 h4 21. cxd5 Bxd5 22. Bc4 Nf6 23. Bxd5 Nxd5 24. Nc4 b5 25. Ne5 Qd6 26. Qf3 Bg3 27. Rec1 Nf4 28. Rc6 Rxc6 29. Nxc6 Nxh3+ 30. Kf1 a6 31. Ne5 Rc8 32. fxe6 f6 33. Nd7 Rc2 34. Nxf6+ Kh8 35. Ne4 Qf4 36. Qxf4 Nxf4 37. e7 Rc8 38. d5+ Kg8 39. d6 Ng6 40. Bf6 Bxd6 41. Nxd6 1-0

[Event "Regionalliga NO 1213"]
[Site "Bayern"]
[Date "2012.10.14"]
[Round "1.8"]
[White "Kappl, Peter"]
[Black "Horstmann, Astrid"]
[Result "1/2-1/2"]
[WhiteElo "1963"]
[BlackElo "1764"]
[PlyCount "30"]
[EventDate "2012.10.14"]
[EventType "team-tourn"]
[EventRounds "9"]
[EventCountry "GER"]
[SourceTitle "EXT 2015"]
[Source "ChessBase"]
[SourceDate "2014.11.20"]
[SourceVersion "1"]
[SourceVersionDate "2014.11.20"]
[SourceQuality "1"]
[WhiteTeam "Kareth Lappersdorf II"]
[BlackTeam "Bechhofen"]
[WhiteTeamCountry "GER"]
[BlackTeamCountry "GER"]

1. c4 c5 2. Nc3 Nc6 3. g3 g6 4. Bg2 Bg7 5. e3 e6 6. Nge2 Nge7 7. Ne4 d6 8. 0-0 e5 9. d3 0-0 10. Rb1 Rb8 11. b3 a6 12. Bb2 f5 13. N4c3 Be6 14. Nd5 b5 15. Qd2 Bf7 1/2-1/2

[Event "Regionalliga NO 1011"]
[Site "Bayern"]
[Date "2011.01.16"]
[Round "5.8"]
[White "Bartmann, Florian"]
[Black "Horstmann, Astrid"]
[Result "1-0"]
[WhiteElo "1651"]
[BlackElo "1764"]
[PlyCount "95"]
[EventDate "2010.10.10"]
[EventType "team-tourn"]
[EventRounds "9"]
[EventCountry "GER"]
[SourceTitle "EXT 2012"]
[Source "ChessBase"]
[SourceDate "2011.11.24"]
[SourceVersion "1"]
[SourceVersionDate "2011.11.24"]
[SourceQuality "1"]
[WhiteTeam "Kelheim II"]
[BlackTeam "Bechhofen"]
[WhiteTeamCountry "GER"]
[BlackTeamCountry "GER"]

1. e4 c5 2. Nf3 e6 3. Nc3 a6 4. d4 cxd4 5. Nxd4 d6 6. Be3 Nf6 7. Be2 Qc7 8. g4 h6 9. f4 b5 10. a3 Bb7 11. Bf3 Nc6 12. Nde2 Rc8 13. b4 Ne7 14. 0-0 d5 15. e5 Ne4 16. Bxe4 dxe4 17. Bc5 Ng6 18. Bxf8 Nxf8 19. Qd4 Qc6 20. Qe3 Nd7 21. Rad1 f5 22. Rd6 Qc4 23. Rfd1 Nf8 24. R1d4 Qc7 25. gxf5 exf5 26. e6 g6 27. Rd7 Qc6 28. R7d6 Qc7 29. a4 bxa4 30. Nxa4 Bc6 31. Nc5 Ra8 32. c4 Rh7 33. Nc3 g5 34. Qh3 a5 35. Qh5+ Ke7 36. b5 Be8 37. Nd5+ Kxd6 38. Nxc7+ Kxc5 39. Rd5+ Kxc4 40. Qe2+ Kc3 41. Qe3+ Kc4 42. Rd4+ Kc5 43. Qc3+ Kb6 44. Nxa8+ Kb7 45. Rd8 Bxb5 46. Qc8+ Ka7 47. Qb8+ Ka6 48. Qb6# 1-0

[Event "Regionalliga NO 0910"]
[Site "Bayern"]
[Date "2010.04.11"]
[Round "9.8"]
[White "Petzold, Vinzenz"]
[Black "Horstmann, Astrid"]
[Result "1-0"]
[WhiteElo "2014"]
[BlackElo "1764"]
[PlyCount "55"]
[EventDate "2009.10.18"]
[EventType "team-tourn"]
[EventRounds "9"]
[EventCountry "GER"]
[SourceTitle "EXT 2011"]
[Source "ChessBase"]
[SourceDate "2010.11.26"]
[SourceVersion "1"]
[SourceVersionDate "2010.11.26"]
[SourceQuality "1"]
[WhiteTeam "Erlangen"]
[BlackTeam "Bechhofen"]
[WhiteTeamCountry "GER"]
[BlackTeamCountry "GER"]

1. d4 d5 2. c4 e6 3. Nc3 h6 4. Nf3 Nf6 5. Bf4 a6 6. e3 dxc4 7. Bxc4 b5 8. Bb3 Bb7 9. a3 c6 10. 0-0 Nbd7 11. e4 Nb6 12. Qe2 Nh5 13. Be3 Bd6 14. e5 Bc7 15. g4 g6 16. gxh5 gxh5 17. Ne4 c5 18. Nf6+ Ke7 19. d5 Rg8+ 20. Kh1 Nc8 21. Bxc5+ Bd6 22. Nxg8+ Qxg8 23. exd6+ Nxd6 24. Rg1 Qh7 25. Qe5 Rd8 26. Rg7 Qd3 27. Qxe6+ Kf8 28. Qxf7# 1-0

[Event "Regionalliga NO 0910"]
[Site "Bayern"]
[Date "2010.02.28"]
[Round "7.8"]
[White "Braginsky, Alexej"]
[Black "Horstmann, Astrid"]
[Result "1/2-1/2"]
[WhiteElo "2084"]
[BlackElo "1764"]
[PlyCount "72"]
[EventDate "2009.10.18"]
[EventType "team-tourn"]
[EventRounds "9"]
[EventCountry "GER"]
[SourceTitle "EXT 2011"]
[Source "ChessBase"]
[SourceDate "2010.11.26"]
[SourceVersion "1"]
[SourceVersionDate "2010.11.26"]
[SourceQuality "1"]
[WhiteTeam "Fuerth"]
[BlackTeam "Bechhofen"]
[WhiteTeamCountry "GER"]
[BlackTeamCountry "GER"]

1. e4 c5 2. Nf3 e6 3. d4 cxd4 4. Nxd4 a6 5. Bd3 d6 6. 0-0 Nc6 7. Be3 g6 8. c4 Bg7 9. Bc2 Nge7 10. Nc3 0-0 11. Rc1 Qc7 12. Qd2 Rd8 13. f4 Nxd4 14. Bxd4 e5 15. Be3 exf4 16. Bxf4 Qxc4 17. Bb3 Qd4+ 18. Be3 Qxd2 19. Bxf7+ Kh8 20. Bxd2 Bd4+ 21. Kh1 Kg7 22. Bg5 Rf8 23. Bxe7 Rxf7 24. Bxd6 Be6 25. Rxf7+ Bxf7 26. a3 Re8 27. Re1 Bb3 28. h3 Kf7 29. e5 Ke6 30. Re4 Bxc3 31. bxc3 Rc8 32. Re3 Bc2 33. Kg1 Rc4 34. Kf2 h5 35. Rf3 Kd5 36. Ke2 Be4 1/2-1/2

[Event "Mittelfranken-chTB2a 0809"]
[Site "Mittelfranken"]
[Date "2009.03.22"]
[Round "8.5"]
[White "Dehm, Tobias"]
[Black "Horstmann, Astrid"]
[Result "1-0"]
[WhiteElo "1743"]
[BlackElo "1789"]
[PlyCount "53"]
[EventDate "2008.10.12"]
[EventType "team"]
[EventRounds "9"]
[EventCountry "GER"]
[SourceTitle "EXT 2011"]
[Source "ChessBase"]
[SourceDate "2010.11.26"]
[SourceVersion "1"]
[SourceVersionDate "2010.11.26"]
[SourceQuality "1"]
[WhiteTeam "Bad Windsheim"]
[BlackTeam "Nuernberg NT V"]
[WhiteTeamCountry "GER"]
[BlackTeamCountry "GER"]

1. e4 c5 2. Nf3 e6 3. d4 cxd4 4. Nxd4 a6 5. Be3 Nf6 6. Bd3 Be7 7. Nc3 d6 8. 0-0 0-0 9. f4 Qc7 10. g4 Nc6 11. Nxc6 bxc6 12. g5 Ne8 13. f5 d5 14. f6 gxf6 15. gxf6 Nxf6 16. Bh6 Re8 17. Qf3 Kh8 18. Kh1 d4 19. Rg1 Rg8 20. Rxg8+ Nxg8 21. Qxf7 Nxh6 22. Qe8+ Kg7 23. Rg1+ Bg5 24. Rxg5+ Kf6 25. h4 Nf7 26. e5+ Nxe5 27. Ne4# 1-0

[Event "Mittelfrankenliga-B2a 0607"]
[Site "Mittelfranken"]
[Date "2006.10.22"]
[Round "1.8"]
[White "Gissler, Thomas"]
[Black "Horstmann, Astrid"]
[Result "0-1"]
[WhiteElo "1553"]
[BlackElo "1788"]
[PlyCount "60"]
[EventDate "2006.10.22"]
[EventType "team-tourn"]
[EventRounds "9"]
[EventCountry "GER"]
[SourceTitle "EXT 2011"]
[Source "ChessBase"]
[SourceDate "2010.11.26"]
[SourceVersion "1"]
[SourceVersionDate "2010.11.26"]
[SourceQuality "1"]
[WhiteTeam "Neustadt"]
[BlackTeam "Nuernberg NT IV"]
[WhiteTeamCountry "GER"]
[BlackTeamCountry "GER"]

1. d4 d5 2. c4 Nc6 3. Nc3 Nf6 4. Bf4 e6 5. Nf3 a6 6. e3 Be7 7. h3 0-0 8. a3 dxc4 9. Bxc4 b5 10. Ba2 b4 11. axb4 Nxb4 12. Bb1 c5 13. 0-0 Nbd5 14. Be5 a5 15. Nd2 Ba6 16. Re1 c4 17. Ba2 Rc8 18. Nce4 Nxe4 19. Nxe4 Bb4 20. Qh5 Bxe1 21. Bb1 g6 22. Qh6 f6 23. Ng5 Qd7 24. Bxg6 Bxf2+ 25. Kh1 fxg5 26. Rxa5 Bb7 27. Qxg5 Bxe3 28. Bxh7+ Kxh7 29. Qh5+ Bh6 30. g4 Nf4+ 0-1

[Event "Nuremberg LGA Cup 3rd"]
[Site "Nuremberg"]
[Date "2006.09.09"]
[Round "4.40"]
[White "Nowaczynski, Mathias"]
[Black "Horstmann, Astrid"]
[Result "0-1"]
[WhiteElo "2110"]
[BlackElo "1951"]
[PlyCount "62"]
[EventDate "2006.09.07"]
[EventType "swiss"]
[EventRounds "7"]
[EventCountry "GER"]
[SourceTitle "EXT 2022"]
[Source "ChessBase"]
[SourceDate "2021.10.06"]
[SourceVersion "1"]
[SourceVersionDate "2021.10.06"]
[SourceQuality "1"]

1. d4 d5 2. Nf3 Nf6 3. c4 e6 4. Nc3 Be7 5. e3 0-0 6. Bd3 b6 7. 0-0 Bb7 8. b3 Nbd7 9. Bb2 c5 10. Qe2 Rc8 11. Rfd1 Qc7 12. Rac1 Qb8 13. cxd5 Nxd5 14. Nxd5 Bxd5 15. e4 Bb7 16. Bb5 Nf6 17. d5 exd5 18. exd5 Nxd5 19. Rxd5 Bxd5 20. Qxe7 Bxf3 21. gxf3 f6 22. Re1 a6 23. Bd7 Rcd8 24. Re4 h5 25. Be6+ Kh7 26. Bf5+ Kg8 27. Qe6+ Rf7 28. Bg6 Qc7 29. Bxh5 f5 30. Rh4 Rd6 31. Bxf7+ Qxf7 0-1

[Event "Mittelfrankenliga-B2b 0506"]
[Site "Germany"]
[Date "2006.04.30"]
[Round "9.5"]
[White "Pfeiffer, Georg"]
[Black "Horstmann, Astrid"]
[Result "1-0"]
[WhiteElo "1911"]
[BlackElo "1718"]
[PlyCount "43"]
[EventDate "2005.10.16"]
[EventType "team"]
[EventRounds "9"]
[EventCountry "GER"]
[SourceTitle "EXT 2007"]
[Source "ChessBase"]
[SourceDate "2006.11.23"]
[SourceVersion "1"]
[SourceVersionDate "2006.11.23"]
[SourceQuality "1"]

1. e4 c5 2. Nf3 e6 3. c3 d5 4. exd5 Qxd5 5. d4 Nf6 6. Be2 Nc6 7. 0-0 Be7 8. c4 Qd7 9. dxc5 Bxc5 10. Nc3 h6 11. a3 0-0 12. Qc2 a6 13. Rd1 Qc7 14. b4 Bd6 15. c5 Bf4 16. Bb2 Bd7 17. Ne4 Nd5 18. g3 f5 19. Nc3 Nxc3 20. Qxc3 Rf6 21. gxf4 Qxf4 22. Rxd7 1-0

[Event "Mittelfrankenliga-B2b 0506"]
[Site "Germany"]
[Date "2005.12.04"]
[Round "3.5"]
[White "Plan, Johann"]
[Black "Horstmann, Astrid"]
[Result "1-0"]
[WhiteElo "1887"]
[BlackElo "1710"]
[PlyCount "73"]
[EventDate "2005.10.16"]
[EventType "team"]
[EventRounds "9"]
[EventCountry "GER"]
[SourceTitle "EXT 2007"]
[Source "ChessBase"]
[SourceDate "2006.11.23"]
[SourceVersion "1"]
[SourceVersionDate "2006.11.23"]
[SourceQuality "1"]

1. d4 d5 2. Nf3 Nf6 3. Bf4 e6 4. e3 a6 5. h3 b5 6. Nbd2 Bd6 7. a4 bxa4 8. Rxa4 c5 9. dxc5 Bxc5 10. Bd3 0-0 11. 0-0 Qb6 12. Nb3 Bd6 13. Qd2 Bxf4 14. exf4 Bd7 15. Rb4 Qc7 16. Nbd4 Rc8 17. Rb3 Nc6 18. Nxc6 Bxc6 19. Nd4 Be8 20. Ra1 Ne4 21. Qe3 Nc5 22. Rba3 Nxd3 23. cxd3 a5 24. b4 a4 25. b5 Rab8 26. Rxa4 Bxb5 27. Rb4 Be8 28. Rbb1 Rxb1+ 29. Rxb1 h6 30. g4 Qc3 31. Kg2 Ba4 32. Rb7 Bc2 33. f5 exf5 34. Nxf5 Rf8 35. Qe7 g6 36. Nxh6+ Kg7 37. Nxf7 1-0

[Event "Mittelfrankenliga-B2b 0506"]
[Site "Germany"]
[Date "2005.10.16"]
[Round "1.4"]
[White "Schulz, Wilfried"]
[Black "Horstmann, Astrid"]
[Result "1-0"]
[WhiteElo "1918"]
[BlackElo "1710"]
[PlyCount "51"]
[EventDate "2005.10.16"]
[EventType "team"]
[EventRounds "9"]
[EventCountry "GER"]
[SourceTitle "EXT 2007"]
[Source "ChessBase"]
[SourceDate "2006.11.23"]
[SourceVersion "1"]
[SourceVersionDate "2006.11.23"]
[SourceQuality "1"]

1. e4 c5 2. c3 e5 3. Nf3 Nc6 4. Bb5 Qc7 5. 0-0 g6 6. d4 exd4 7. cxd4 cxd4 8. Bxc6 dxc6 9. Qxd4 f6 10. Nc3 Bg7 11. Re1 Ne7 12. Qc4 Qd6 13. Be3 Be6 14. Qe2 0-0 15. Rad1 Qc7 16. Bc5 Rad8 17. e5 Rxd1 18. Rxd1 Bg4 19. Qc4+ Nd5 20. Qxg4 Nxc3 21. bxc3 Rd8 22. Qe6+ Kh8 23. Rxd8+ Qxd8 24. Qd6 Qxd6 25. exd6 f5 26. Bd4 1-0

[Event "Nuremberg Zabo op 07th"]
[Site "Nuremberg"]
[Date "2005.09.23"]
[Round "1"]
[White "Schaefer, Ann Kathrin"]
[Black "Horstmann, Astrid"]
[Result "0-1"]
[WhiteElo "1036"]
[BlackElo "1718"]
[PlyCount "36"]
[EventDate "2005.09.23"]
[EventType "swiss"]
[EventRounds "5"]
[EventCountry "GER"]
[SourceTitle "EXT 2012"]
[Source "ChessBase"]
[SourceDate "2011.11.24"]
[SourceVersion "1"]
[SourceVersionDate "2011.11.24"]
[SourceQuality "1"]

1. d4 d5 2. Nf3 Nf6 3. e3 e6 4. Bd3 a6 5. Nbd2 b5 6. 0-0 Bb7 7. Re1 Ne4 8. c3 c5 9. dxc5 Bxc5 10. Qc2 f5 11. b4 Bd6 12. a4 bxa4 13. Qxa4+ Qd7 14. Qxd7+ Nxd7 15. c4 Bxb4 16. Rb1 a5 17. cxd5 exd5 18. Re2 Nc3 0-1

[Event "GER-chT Lands U20"]
[Site "Bad Sulza"]
[Date "2004.11.19"]
[Round "7.5"]
[White "Hoolt, Sarah"]
[Black "Horstmann, Astrid"]
[Result "1-0"]
[WhiteElo "2034"]
[BlackElo "1958"]
[PlyCount "91"]
[EventDate "2004.11.15"]
[EventType "team-swiss"]
[EventRounds "7"]
[EventCountry "GER"]
[SourceTitle "EXT 2006"]
[Source "ChessBase"]
[SourceDate "2005.11.24"]
[SourceVersion "1"]
[SourceVersionDate "2005.11.24"]
[SourceQuality "1"]

1. e4 c5 2. Nf3 e6 3. d4 cxd4 4. Nxd4 a6 5. Nc3 Qc7 6. g3 b5 7. a3 Bb7 8. Bg2 Nf6 9. Nb3 Be7 10. 0-0 d6 11. g4 h6 12. f4 Nc6 13. Be3 Nd7 14. Qe1 g5 15. f5 Bf6 16. Rd1 0-0-0 17. Nd4 Nxd4 18. Bxd4 Bxd4+ 19. Rxd4 Ne5 20. Kh1 Qc5 21. Ne2 Nxg4 22. Rd3 Kb8 23. fxe6 fxe6 24. Qg3 Ne5 25. Rc3 Qb6 26. Rf6 Bc8 27. Rb3 Rdf8 28. Rxf8 Rxf8 29. a4 Kc7 30. Qc3+ Kd8 31. Nd4 Bd7 32. axb5 axb5 33. Qe3 Nc4 34. Qd3 e5 35. Qxc4 exd4 36. Qd5 Bc6 37. Qxd6+ Ke8 38. Ra3 Qb7 39. Qe6+ Kd8 40. Qd6+ Ke8 41. Qxd4 Qc7 42. Bh3 Rf4 43. Ra7 Bb7 44. Kg1 g4 45. Bf1 Qc6 46. Qe5+ 1-0